01214nam a22002297a 45000010005000000030006000050050017000110080041000280200018000690400029000870500020001160820010001361000016001462450049001622500025002112600048002363000049002845050008003335200594003415210029009355210020009647572FISKH20250724111004.0250724b cb ||||| |||| 00| 0 eng d a9780194643788 aFISKHbengcFISKHdFISKH aPE1126.A4 P4666 a428.6 aPenn, Julie aFree time around the world /cBy Julie Penn  aFirst pulbished 2010 aOxford : bOxford University Press ,c2010. a48 pages : bcolor illustrations ;c21 cm .  aR  aThis exciting new series of non-fiction readers provides interesting and educational content, with activities and project work. The readers are graded at four levels, from 3 to 6, suitable for students from age 8 and older. They can support Content and Language Integrated Learning (CLIL), andcover a broad range of topics, within three curriculum areas:The World of Science and TechnologyThe Natural WorldThe World of Arts and Social StudiesAlso available for each reader:Activity BookAudio CD Pack (Reader and Audio CD)Teacher's Notes and CLIL guidance at www.oup.com/elt/readanddiscover8 a750 bLexile estimate 8 aR bRaz-Plus